|
|
|
|
| LEADER |
00000nam2a2200000 4500 |
| 001 |
587548 |
| 005 |
20231101131448.0 |
| 035 |
|
|
|a (RuTPU)RU\TPU\prd\290227
|
| 035 |
|
|
|a RU\TPU\prd\290226
|
| 090 |
|
|
|a 587548
|
| 100 |
|
|
|a 20220627a19559999k y0rusy50 ca
|
| 101 |
0 |
|
|a rus
|
| 102 |
|
|
|a RU
|
| 181 |
|
0 |
|a i
|
| 182 |
|
0 |
|a b
|
| 200 |
0 |
|
|a Т. 123, № 7
|b Электронный ресурс
|
| 203 |
|
|
|a Текст
|c электронный
|
| 210 |
|
|
|d 2022
|
| 333 |
|
|
|a Режим доступа: по договору с организацией-держателем ресурса
|
| 461 |
|
1 |
|0 (RuTPU)RU\TPU\prd\406
|t Физика металлов и металловедение
|f Российская академия наук (РАН), Уральское отделение (УрО), Институт физики металлов (ИФМ)
|v Т. 123, № 7
|d 1955-
|
| 801 |
|
0 |
|a RU
|b 63413507
|c 20010227
|g PSBO
|
| 801 |
|
1 |
|a RU
|b 63413507
|c 20170713
|
| 801 |
|
2 |
|a RU
|b 63413507
|c 20220627
|g RCR
|
| 856 |
4 |
0 |
|u https://www.elibrary.ru/contents.asp?id=48658955
|
| 942 |
|
|
|c BK
|